|
|
|
|
| LEADER |
00000nab a2200000 ar4500 |
| 001 |
vtls008947010 |
| 003 |
SK-MaSNL |
| 005 |
20260305033323.0 |
| 008 |
171110c20060809xo dr|n|||||||000 b|slo |
| 015 |
|
|
|a SLLK2006
|2 sllk
|
| 038 |
|
|
|a SLLK
|
| 040 |
|
|
|a SLLK
|b slo
|c sllk
|e AACR2
|
| 041 |
0 |
|
|a slo
|
| 044 |
|
|
|a xo
|c SK
|
| 080 |
|
|
|a 796.332
|2 1997
|
| 245 |
0 |
0 |
|a Štrbania po výhre v derby na čele
|b popradská rezerva odčinila prehru z úvodného kola, nezaváhali ani Lomničania = Š. Dravce - Plavnica 2:1 (1:0), Šiba - Podolínec 3:1 (3:0)
|c [autor] (mdc) ; foto k článku: Richard Hudeček
|
| 300 |
|
|
|b Fotogr.
|
| 610 |
2 |
7 |
|a FK Plavnica
|2 snkbucl
|9 1060120
|
| 610 |
2 |
7 |
|a FK Podolínec
|2 snkbucl
|9 1064461
|
| 648 |
|
7 |
|a 2006
|2 snkbucl
|9 313148
|
| 650 |
0 |
7 |
|a šport
|2 snkbucl
|9 1042
|
| 650 |
0 |
7 |
|a futbal
|x 5. liga
|y sezóna 2006/2007
|2 snkbucl
|9 1064462
|
| 651 |
|
7 |
|a Podolínec (Slovensko)
|2 snkbucl
|9 19195
|
| 651 |
|
7 |
|a Plavnica (Slovensko)
|2 snkbucl
|9 29162
|
| 651 |
|
7 |
|a Stará Ľubovňa (Slovensko : okres)
|2 snkbucl
|9 19196
|
| 700 |
1 |
|
|a Hudeček, Richard
|4 pht
|4 aut
|9 1022422
|
| 773 |
0 |
|
|t Tatranský denník Korzár
|g Roč. VIII, č. 183 (9. 8.2006) s. 12
|x 1335-7573
|
| 852 |
|
|
|a SLLK
|b KIS3GCP
|
| 999 |
|
|
|c 3323830
|d 3325760
|